[Event "Hradec Kralove Region-chT 2223"]
[Site "Czech Republic"]
[Date "2023.02.12"]
[Round "8.7"]
[White "Picek, Ivan"]
[Black "Prochazka, Jan"]
[Result "1/2-1/2"]
[WhiteElo "1868"]
[BlackElo "1816"]
[PlyCount "61"]
[EventDate "2022.10.09"]
[EventType "team-tourn"]
[EventRounds "11"]
[EventCountry "CZE"]
[SourceTitle "EXT 2024"]
[Source "ChessBase"]
[SourceDate "2023.10.10"]
[SourceVersion "1"]
[SourceVersionDate "2023.10.10"]
[SourceQuality "1"]

1. d4 Nf6 2. c4 c5 3. d5 b5 4. cxb5 a6 5. bxa6 Bxa6 6. Nc3 g6 7. Nf3 Bg7 8. e4 Bxf1 9. Kxf1 d6 10. g3 0-0 11. Kg2 Qb6 12. Qe2 Nbd7 13. a4 Rfb8 14. Re1 Ne8 15. Nd2 Qb4 16. Ra3 Nc7 17. Na2 Qb7 18. Nc4 Ne5 19. b3 Qc8 20. Nxe5 Bxe5 21. Qc4 Nb5 22. axb5 Rxa3 23. Bxa3 Ra8 24. Qc1 Qb7 25. b4 Qxb5 26. bxc5 Qb3 27. c6 Qxa2 28. c7 Rc8 29. Rd1 Qb3 30. Rd2 Bc3 31. Rd3 1/2-1/2

[Event "Hradec Kralove Region-chT 2223"]
[Site "Czech Republic"]
[Date "2023.01.15"]
[Round "6.7"]
[White "Picek, Ivan"]
[Black "Nosek, Jan"]
[Result "1/2-1/2"]
[WhiteElo "1868"]
[BlackElo "1854"]
[PlyCount "49"]
[EventDate "2022.10.09"]
[EventType "team-tourn"]
[EventRounds "11"]
[EventCountry "CZE"]
[SourceTitle "EXT 2024"]
[Source "ChessBase"]
[SourceDate "2023.10.10"]
[SourceVersion "1"]
[SourceVersionDate "2023.10.10"]
[SourceQuality "1"]

1. d4 Nf6 2. c4 g6 3. Nc3 d5 4. e3 Bg7 5. Nf3 0-0 6. cxd5 Nxd5 7. Bc4 Nxc3 8. bxc3 c5 9. 0-0 Nc6 10. Ba3 Na5 11. Bd3 cxd4 12. cxd4 Be6 13. Qa4 b6 14. Rfc1 Bd7 15. Qd1 Rc8 16. Rxc8 Bxc8 17. Rc1 Bb7 18. Qc2 Bf6 19. Nd2 Qd7 20. Ne4 Kg7 21. Nxf6 Kxf6 22. Bb2 Rc8 23. d5+ e5 24. dxe6+ Kxe6 25. Qb1 1/2-1/2